Johnny Pérez "El Caliente" / (Record no. 82296)

MARC details
000 -LEADER
campo de control de longitud fija 00456nam a2200157 i 4500
001 - NÚMERO DE CONTROL
campo de control 82296
003 - IDENTIFICADOR DE NÚMERO DE CONTROL
campo de control ES-MaACL
005 - FECHA Y HORA DE LA ÚLTIMA TRANSACCIÓN
campo de control 20230906174641.0
007 - CAMPO FIJO DE DESCRIPCIÓN FÍSICA--INFORMACIÓN GENERAL
campo de control de longitud fija t|
008 - DATOS DE LONGITUD FIJA--INFORMACIÓN GENERAL
campo de control de longitud fija 041108s1968 sp ||||1| spa d
100 1# - ENTRADA PRINCIPAL--NOMBRE DE PERSONA
Nombre de persona Iglesias Viqueira, Víctor-Manuel.
9 (RLIN) 65140
245 10 - MENCIÓN DEL TÍTULO
Título Johnny Pérez "El Caliente" /
Mención de responsabilidad, etc. Víctor-Manuel Iglesias Viqueira.
260 ## - PUBLICACIÓN, DISTRIBUCIÓN, ETC.
Lugar de publicación, distribución, etc. Vigo :
Nombre del editor, distribuidor, etc. Faro de Vigo,
Fecha de publicación, distribución, etc. [1968]
300 ## - DESCRIPCIÓN FÍSICA
Extensión 88 p. ;
Dimensiones 17 cm.
852 ## - LOCALIZACIÓN
Ubicación ES-MaACL
Número de control de estantería C-32686
Sublocalización o colección R.66926
Holdings
Estatus retirado Estado de pérdida Estado de daño No para préstamo Biblioteca de origen Biblioteca actual Ubicación en estantería Fecha de adquisición Fuente de adquisición Total de préstamos Signatura topográfica completa Código de barras Visto por última vez Precio de reemplazo Tipo de ítem Koha
        Biblioteca del Ateneo de Madrid Biblioteca del Ateneo de Madrid Depósito 2 17/01/2008     C-32686 1086008 23/02/2023 23/02/2023 Libro impreso